Score 0/20 Timer 04:00
1 Play Today
% Correct
Roseanne Conner (Roseanne)
85.5%
Reba Hart (Reba)
80.3%
Peggy Hill (King of the Hill)
67%
Lorelai Gilmore (Gilmore Girls)
65.8%
Gloria Pritchett (Modern Family)
62.4%
Lily Munster (The Munsters)
62.2%
June Cleaver (Leave It to Beaver)
56.9%
Caroline Ingalls (Little House on the Prairie)
52.2%
Marion Cunningham (Happy Days)
51.1%
Jill Taylor (Home Improvement)
50.5%
% Correct
Evelyn Harper (Two and a Half Men)
43.8%
Angela Bower (Who's the Boss?)
41.3%
Nancy Botwin (Weeds)
40.2%
Maggie Seaver (Growing Pains)
33.9%
Annie Camden (7th Heaven)
33.3%
Harriette Winslow (Family Matters)
32.9%
Amy Matthews (Boy Meets World)
31.8%
Cindy Walsh (Beverly Hills 90210)
14.9%
Joyce Summers (Buffy the Vampire Slayer)
13.7%
Martha Kent (Smallville)
12.1%

You're not logged in!

Compare scores with friends on all Sporcle quizzes.
OR
Log In

Sporcle TV

Today on Sporcle TV


Watch our educational content, quiz creation guides, and fun videos on Sporcle TV.

Show Comments

Extras

Top Quizzes Today


Score Distribution

Paid Content

Your Account Isn't Verified!

In order to create a playlist on Sporcle, you need to verify the email address you used during registration. Go to your Sporcle Settings to finish the process.

Report this User

Report this user for behavior that violates our Community Guidelines.

Details: